000
00303nam a2200109Ia 4500
008
190913s9999||||xx |||||||||||||| ||und||
100
_a
Altaf Hussain
245
0
_a
Kya Khoya Kiya Paya : Pakistan Ki Azadi Kay Pachas Baras
260
_a
United Kingdom
_b
MQM Secretariat
_c
2002
300
_a
993
942
_c
BK
999
_c
8327
_d
8327